Vista normal
Vista MARC
Entrada Materia (personas)
Número de registros utilizados en: 17
001 - CONTROL NUMBER
- control field: 51975
003 - CONTROL NUMBER IDENTIFIER
- control field: Co-BoUCM
005 - DATE AND TIME OF LATEST TRANSACTION
- control field: 20131203143734.0
008 - FIXED-LENGTH DATA ELEMENTS
- fixed length control field: 131203|| aca||aabn | a|a d
040 ## - CATALOGING SOURCE
- Original cataloging agency: Co-BoUCM
- Transcribing agency: Co-BoUCM
100 ## - HEADING--PERSONAL NAME
- Personal name: Claudel, Paul
- Dates associated with a name: 1868-1955
670 ## - SOURCE DATA FOUND
- Source citation: Work cat.: (Co-BoUCM)84479: Claudel, Paul 1868-1955, La anunciación a María: misterio en cuatro actos y un prólogo, 1943